000
00321nam a2200133Ia 4500
008
151001s9999||||xx |||||||||||||| ||und||
100
_a
ज्योती कपिल
245
_a
गंमतकोडी
250
_a
1
260
_b
डिंपल
260
_c
2009
300
_a
80
365
_b
21
999
_c
995385
_d
995382